MARC

LEADER 00000nam0a2200000 4500
001 295354
005 20231102000811.0
035 |a (RuTPU)RU\TPU\book\320431 
090 |a 295354 
100 |a 20150522d1983 k y0rusy5003 ca 
101 0 |a rus 
102 |a RU 
105 |a a z 001zy 
200 1 |a Исследование и синтез особо чистых материалов  |e сборник научных трудов  |f Всесоюзный научно-исследовательский институт люминофоров и особо чистых веществ 
210 |a Ставрополь  |c [Б. и.]  |d 1983 
215 |a 150 с.  |c ил.  |d 20 см 
225 1 |a Сборник научных трудов ВНИИ люминофоров и особо чистых веществ  |v Вып. 25 
320 |a Библиография в конце статей 
606 1 |a Люминофоры  |x Производство  |2 stltpush  |3 (RuTPU)RU\TPU\subj\31903  |9 54628 
610 1 |a светящиеся составы 
610 1 |a особо чистые вещества 
610 1 |a исследование 
610 1 |a синтез 
610 1 |a аналитический контроль 
610 1 |a качество 
610 1 |a сорбенты 
675 |a 661.143  |z rus  |v 4 
712 0 2 |a Всесоюзный научно-исследовательский институт люминофоров и особо чистых веществ  |2 stltpush  |3 (RuTPU)RU\TPU\col\14124  |9 25881 
801 0 |a RU  |b RuMRKP  |c 19950704  |g psbo 
801 1 |a RU  |b 63413507  |c 20150522 
801 2 |a RU  |b 63413507  |c 20180528  |g RCR 
942 |c BK